Докази і доказування, межі надання правової допомоги в адміністративній справі працівниками суду (Запис № 340617)

МАРК-запис
000 -Лідер
fixed length control field 00830nam a22002297a 4500
001 - Контрольний номер
control field 54380
003 - Ідентифікатор контрольного номера
control field UA-OsUOA
005 - Дата та час останнього входження (трансакції)
control field 20220125124351.0
007 - Фіксоване поле фізичного опису
fixed length control field ta
008 - Елементи даних фіксованої довжини – загальна інформація
fixed length control field 20080610b un ||||| |||| 00| 0 ukr d
040 ## - Джерело каталогізації
Агенція оригінальної каталогізації UA-OsUOA
Мова каталогізації ukr
Агенція, яка здійснювала перезапис UA-OsUOA
Агенція, яка здійснювала модифікацію UA-OsUOA
041 ## - Код мови
Код мови тексту/ звукової доріжки чи окремого заголовка (П) ukr
080 ## - Індекс Універсальної десяткової класифікації
Індекс Універсальної десяткової класифікації (УДК) (НП) 34:651.7
090 ## - Локальний шифр розміщення
Класифікаційний індекс УДК 34:651.7
Авторський знак (НП) Д63
245 ## - Відомості про назву
Назва (НП) Докази і доказування, межі надання правової допомоги в адміністративній справі працівниками суду
Дані про відповідальність (НП) В. Самолюк, А. Філіп'єв, Д. Зінчук
260 ## - Публікація, розповсюдження і т.п. (Вихідні дані)
Місце публікації, розповсюдження і т.п. (П) Острог
Ім’я/ наймення видавництва, розповсюджувача і т.п. (П) НаУОА
Дата публікації, розповсюдження і т.п. (П) 2006
300 ## - Фізичний опис
Обсяг 35 с.
650 #7 - Додаткове предметне введення – тематичний термін
Тематичний термін чи географічна назва, як елемент введення (НП) 34 Право. Юриспруденція
Джерело заголовка чи терміна UDC
942 ## - Додаткові елементи входу (Коха)
Тип елемента Koha Книги
Source of classification or shelving scheme Universal Decimal Classification
955 ## - Код типу видання за змістом
Код типу видання за змістом (НП) Навчальні видання
Фонди
Стан вилучень Стан втрат Джерело класифікації або схеми стелажів Стан уражень Не для кредиту Постійне місце розташування Поточне розміщення Дата придбання Джерело придбання Усього замовленно Повний номер виклику Дата останнього перегляду Ціна ефективна від Тип елемента Koha Вартість, звичайна ціна покупки Інвентарний номер Штрих-код
    Universal Decimal Classification     АБ - Абонемент НБ АБ - Абонемент НБ 28/02/2014 8/2014   34:651.7 Д63 15/12/2021 28/02/2014 Книги 5.00 145144 145144
    Universal Decimal Classification     Наукова бібліотека НаУОА ЧЗ - Читальна зала 10/06/2008 78/2008   34:651.7 Д63 13/07/2019 10/06/2008 Книги